Interactions of toxic metals and metalloids with fungi = Interakcie húb s toxickými kovmi a polokovmi : short version of habilitation thesis /

Main Author: Urík, Martin
Corporate Author: Vysoké učení technické v Brně. Ústav chemie a technologie ochrany životního prostředí
Language: English
Published: Brno : Vysoké učení technické v Brně, nakladatelství VUTIUM, 2018
Series: Vědecké spisy Vysokého učení technického v Brně. Habilitační a inaugurační spisy, sv. 602
Subjects:
Physical Description: 38 stran : ilustrace ; 24 cm
Book
Saved in:
LEADER 02732nam a2200661 i 4500
001 nkc20183058546
003 CZ PrNK
005 20190523134212.0
007 ta
008 181127s2018 xr a f m 000 0 eng
015 |a cnb003058546 
020 |a 978-80-214-5657-0  |q (brožováno) 
035 |a (OCoLC)1081400599 
040 |a ABA001  |b cze  |e rda 
072 7 |a 581  |x Obecná botanika  |2 Konspekt  |9 2 
080 |a 582.282/.284  |2 MRF 
080 |a 581.13  |2 MRF 
080 |a 66.081:57  |2 MRF 
080 |a 546.3  |2 MRF 
080 |a 546.303  |2 MRF 
080 |a 502.174:573.6  |2 MRF 
080 |a (043.5)  |2 MRF 
080 |a (048.3)  |2 MRF 
100 1 |a Urík, Martin  |7 ola2012686934  |4 aut 
245 1 0 |a Interactions of toxic metals and metalloids with fungi =  |b Interakcie húb s toxickými kovmi a polokovmi : short version of habilitation thesis /  |c Martin Urík 
246 3 1 |a Interakcie húb s toxickými kovmi a polokovmi 
264 1 |a Brno :  |b Vysoké učení technické v Brně, nakladatelství VUTIUM,  |c 2018 
300 |a 38 stran :  |b ilustrace ;  |c 24 cm 
336 |a text  |b txt  |2 rdacontent 
337 |a bez média  |b n  |2 rdamedia 
338 |a svazek  |b nc  |2 rdacarrier 
490 1 |a Vědecké spisy Vysokého učení technického v Brně. Habilitační a inaugurační spisy,  |x 1213-418X ;  |v sv. 602 
500 |a Zkrácená verze habilitace--Vysoké učení technické v Brně, Fakulta chemická, Ústav chemie a technologie ochrany životního prostředí, 2018 
504 |a Obsahuje bibliografii 
650 0 7 |a houby  |7 ph114706  |2 czenas 
650 0 7 |a biosorpce  |7 ph205394  |2 czenas 
650 0 7 |a metabolismus rostlin  |7 ph134904  |2 czenas 
650 0 7 |a těžké kovy  |7 ph126843  |2 czenas 
650 0 7 |a polokovy  |7 ph932516  |2 czenas 
650 0 7 |a bioremediace  |7 ph138600  |2 czenas 
650 0 9 |a mushrooms  |2 eczenas 
650 0 9 |a biosorption  |2 eczenas 
650 0 9 |a plant metabolism  |2 eczenas 
650 0 9 |a heavy metals  |2 eczenas 
650 0 9 |a metalloids  |2 eczenas 
650 0 9 |a bioremediation  |2 eczenas 
655 7 |a habilitační práce  |7 fd185153  |2 czenas 
655 7 |a teze  |7 fd133701  |2 czenas 
655 9 |a habilitation theses  |2 eczenas 
655 9 |a abstracts  |2 eczenas 
710 2 |a Vysoké učení technické v Brně.  |b Ústav chemie a technologie ochrany životního prostředí  |7 kn20020611007  |4 isb 
810 2 |a Vysoké učení technické v Brně.  |t Vědecké spisy.  |p Habilitační a inaugurační spisy  |0 s 
910 2 |a BOA001  |b 2-1427.638 
928 9 |a VUTIUM 
990 |a BK 
995 |a 01 
996 6 |b 2610783487  |c 2-1427.638  |l MZK  |r Sklad / do 1 hodiny  |n 0  |p p.v.  |w 001724712  |u 000010  |a 1  |e BOA001  |j MZK50  |s P 
996 7 |b 2610783488  |c 2-1427.638  |l MZK  |r Sklad / do 1 hodiny  |n 0  |p p.v.  |w 001724712  |u 000020  |a 1  |e BOA001  |j MZK50  |s A